Quiz di storia romana - Statistics

Statistiche generali
  • Questo quiz è stato fatto 996 volte
  • Il punteggio medio è 9 su 17
Statistiche sulle risposte
Hint Risposte % Corretto
Poeta imperiale, compose le Bucoliche e l'Eneide. Virgilio
97%
Condottiero cartaginese, valicò le Alpi con oltre 30 elefanti. Annibale
82%
Regina dell'età tolemaica, fu compagna di Cesare e Marco Antonio. Cleopatra
82%
Autore dei commentarii "de bello Gallico" e "de bello civili". Cesare
80%
Fu triumviro insieme a Cesare e Pompeo. Crasso
74%
Detto "il Censore", pronunciò "Carthago delenda est". Catone
67%
Filosofo stoico e precettore dell'imperatore Nerone. Seneca
66%
Figlio di Marco Aurelio, fu il celebre "imperatore-gladiatore". Commodo
52%
Procuratore romano, governò la provincia di Giudea tra il 26 e 36 d.C. Ponzio Pilato
52%
L'imperatore raffigurato nel monumento di piazza del Campidoglio. Marco Aurelio
50%
Tribuni della plebe, noti per i tentativi di riformare le istituzioni repubblicane. Gracchi
48%
Tribù celtica che saccheggiò Roma nel 410 d.C. Visigoti
45%
La prima provincia romana. Sicilia
43%
Fedele collaboratore di Ottaviano Augusto, vinse Marco Antonio ad Azio. Agrippa
32%
Re dei Molossi, vinse i romani ad Ascoli Satriano.(Pur con ingenti perdite umane e materiali.) Pirro
32%
Eroe mitico, da solo difese Roma dalla minaccia etrusca. Orazio Coclite
11%
Console e letterato romano, per la tradizione accecato dall'ira degli dèi. Appio Claudio Cieco
8%
Nessun quiz corrispondente trovato
Distribuzione punteggi
Percentuale di utenti per punteggio
Percentile per numero di risposta
I tuoi punteggi nel tempo
Non hai fatto questo quiz